00833nam a22002537a 450000500170000001000150001702000270003203500130005903700130007208200120008510000330009724501110013026000380024127000430027930000310032250000700035350000190042350000190044250500160046160000360047770000230051370000210053670000220055720141128145708.0 aENG-111251 a9788125056133c1225.00 aEN-94783 bDBAD/PUB a954.035 a(Chakravarti), d1878-1972,  aSelected works of C. Rajagopalachari /cedited by Mahesh Rangarajan, N. Balakrishnan [and] Deepa Bhatnagar aNew DelhibOrient Blackswanc2014 a1/24, Asaf Ali RoadbNew Delhie110002 aV.2(xiv, 511p.) c25cm(Hb) a"Issued under the auspices of Nehru Memorial Museum and Library." aIncludes index aIncludes index aV.2-1921-22 aRajagopalachari, C.d1878-1972. aRangarajan, Mahesh aBalakrishnan, N. aBhatanagar, Deepa